Регионална библиотека "Любен Каравелов" - Русе

Малкият принц. Моята книжка за чувства (Запис номер 487886)

MARC детайли
000 -Лидер
Контролно поле с фиксирана дължина 01241nam a2200277 a 4500
003 - Код на организацията, давaща контролен номер
Контролно поле BLK
005 - Дата и час на последна редакция
Контролно поле 20250624113107.0
008 - Елементи от данни с фиксирана дължина
fixed length control field 221216b bu |||||r|||| 00| | bu d
020 ## - Международен стандартен номер на книга ISBN
Международен стандартен номер на книга ISBN 9789544749286
040 ## - Източник на каталожния запис
Идентификатор на билиотеката - собственик на записа BLK
041 ## - Код за език
Код за езика на текст/звукозапис или на отделно заглавие Български
Код за езика КДБФ Български
080 ## - УДК
Текстов определител УДК Издания за деца и юноши. Книжки-картинки. Читанки. Вж и 372.4
УДК код - определител по УДК 087.5
УДК - код + определител 087.5
100 ## - Редна дума - Автор
R(LIN) 1299
Автор Делпорт, Корин
Авторска отговорност първи автор
139 ## - Редно поле
Редна дума Делпорт, Корин
Авторски знак Дело - Д 38
245 ## - Сведения за заглавието
Заглавие Малкият принц. Моята книжка за чувства
Подзаглавни данни по Антоан дьо Сент-Екзюпери
Редно поле (дума) Корин Делпорт ; ил. Антоан дьо Сент-Екзюпери ; прев. от англ. Ирина Манушева
260 ## - Област на издателските данни
9 (RLIN) 209528
Място на издаване, разпространение и проч. София
Име на издателя, разпространителя и проч. Кибеа
Година на издаване 2022
Издателство - префикс ISBN 978-954-474-
300 ## - Физическа характеристика
Страници 21 с.
Илюстрации и др. с цв. ил.
Размери/Мащаб 23 см
380 ## - Жанр
Жанр Детска худож. лит.
700 ## - Други автори (авторска отговорност)
9 (RLIN) 599
Лично име Сент-Екзюпери, Антоан дьо
Автороска отговорност (Описва отношението между автора и произведението) ил.
700 ## - Други автори (авторска отговорност)
9 (RLIN) 1021
Лично име Манушева, Ирина Борисова
Автороска отговорност (Описва отношението между автора и произведението) прев. от англ.
856 ## - Електронен адрес и достъп
Инструкция (цена за достъп) 0.00
Права за достъп disable
942 ## - АРТИКУЛИ
Вид на библиотечния материал Книги
Скрит в OPAC Не
Периодичен библиозапис Да
Koha issues (borrowed), all copies 24
944 ## - СЪЗДАВАНЕ И РЕДАКЦИЯ на ЗАПИСА
Създаване/Редакция Създаване
Дата на регистрацията/редакция 2022-12-16
Служител, извършил регистрацията/редакцията 30534
Статус, дата на статуса Радостина Карадакова
999 ## - СИСТЕМНИ КОНТРОЛНИ НОМЕРА
Koha biblionumber 487886
Koha biblioitemnumber 487886
999 ## - СИСТЕМНИ КОНТРОЛНИ НОМЕРА
Koha biblioitemnumber 487886
999 ## - СИСТЕМНИ КОНТРОЛНИ НОМЕРА
Koha biblioitemnumber 487886
Наличности
Код за отписване Код за изгубен артикул Източник на класификационната схема Код за повреда Коз за рестрикции Код за отдаване Артикулен № Име на библиотеката - собственик Име на библиотеката, в която се намира в момента Статус (Текущо местоположение) Дата на вписване в системата Местоположение - отдел Цена в лева Систематично азбучна сигнатура Баркод Цена в евро Служебен тип на артикула Инвентарен номер
  Не е изгубен Universal Decimal Classification Не е повреден само за читалня ползва се в читалня 921480 Регионална библиотека "Любен Каравелов" Русе Регионална библиотека "Любен Каравелов" Русе Хранилище 2022-12-21 Хранилище 13.00 Цб 315989 120000881202 6.65 Книги  
  Не е изгубен Universal Decimal Classification Не е повреден   заемане за дома 933593 Регионална библиотека "Любен Каравелов" Русе Регионална библиотека "Любен Каравелов" Русе Детски отдел 2023-09-15 Детски отдел 13.00 087.5/Д 38 К 120000892792 6.65 Книги 120000892792
  Не е изгубен Universal Decimal Classification Не е повреден   заемане за дома 933594 Регионална библиотека "Любен Каравелов" Русе Регионална библиотека "Любен Каравелов" Русе Детски отдел 2023-09-15 Детски отдел 13.00 087.5/Д 38 К 120000892791 6.65 Книги 120000892791
Vip Innovations Ltd, Rousse, Bulgaria 2025